| 000 | 00666cam a22002533a 4500 | ||
|---|---|---|---|
| 001 | 6605 | ||
| 003 | PGUSA | ||
| 005 | 20140828083134.0 | ||
| 008 | 041001s2004||||xxu|||||s|||||000 | eng d | ||
| 040 |
_aPGUSA _beng |
||
| 042 | _adc | ||
| 050 | 4 | _aQH | |
| 100 | 1 |
_aButler, Samuel, _d1835-1902 |
|
| 245 | 1 | 0 |
_aUnconscious Memory _h[electronic resource] / _cSamuel Butler |
| 260 |
_bProject Gutenberg, _c2004 |
||
| 506 | _aPublic domain in the USA. | ||
| 516 | _aElectronic text | ||
| 653 | _aMemory | ||
| 653 | _aSubconsciousness | ||
| 653 | _aEvolution | ||
| 830 | 0 |
_aProject Gutenberg _v6605 |
|
| 856 | 4 | 0 | _uhttp://www.gutenberg.org/ebooks/6605 |
| 942 | _cEB | ||
| 999 |
_c235925 _d235925 |
||